[Event "Winnipeg TNT 2023.06"]
[Site "Winnipeg CAN"]
[Date "2023.06.20"]
[Round "3.9"]
[White "Parboosingh, Keaton"]
[Black "Ling, Aiden"]
[Result "0-1"]
[WhiteElo "1548"]
[BlackElo "1352"]
[PlyCount "60"]
[EventDate "2023.06.06"]
[EventType "swiss"]
[EventRounds "4"]
[EventCountry "CAN"]

1. d4 d5 2. Bf4 e6 3. Nf3 c5 4. e3 Nc6 5. c3 Nf6 6. Nbd2 cxd4 7. cxd4 Bb4 8.
Bd3 O-O 9. a3 Bxd2+ 10. Qxd2 Na5 11. Qc2 Bd7 12. Bg5 Rc8 13. Bxf6 Qxf6 14. Qd2
Nb3 15. Qd1 Nxa1 16. Qxa1 Rc7 17. Ne5 Rfc8 18. O-O Qe7 19. Qb1 h6 20. Bh7+ Kh8
21. Bg6 f5 22. Bxf5 Qf6 23. Bg6 Be8 24. Bd3 g5 25. f4 Bh5 26. fxg5 Qxg5 27. g4
Qxe3+ 28. Kh1 Rc1 29. gxh5 Rxb1 30. Nf7+ Kg7 0-1

[Event "Winnipeg TNT 2023.06"]
[Site "Winnipeg CAN"]
[Date "2023.06.20"]
[Round "3.11"]
[White "Hansima, Charitha"]
[Black "March, John"]
[Result "1-0"]
[WhiteElo "1653"]
[BlackElo "1362"]
[PlyCount "77"]
[EventDate "2023.06.06"]
[EventType "swiss"]
[EventRounds "4"]
[EventCountry "CAN"]

1. d4 c6 2. c3 d5 3. Bf4 Nf6 4. Nf3 e6 5. e3 Bd6 6. Ne5 O-O 7. Nd2 c5 8. Bd3 c4
9. Bc2 Qb6 10. Qc1 Nbd7 11. Nexc4 dxc4 12. Nxc4 Qc6 13. Nxd6 Qxg2 14. Ke2 Qg4+
15. Kd2 Nb6 16. Qf1 Nbd5 17. Rg1 Qh4 18. Qg2 g6 19. Bg5 Qg4 20. Qxg4 Nxg4 21.
Rxg4 f5 22. Rgg1 b6 23. c4 Nb4 24. Be7 Nxc2 25. Kxc2 Ba6 26. Bxf8 Kxf8 27. Nb5
Bb7 28. b4 Be4+ 29. Kc3 Ke7 30. a4 a6 31. Na3 a5 32. b5 Kd6 33. Nb1 Rc8 34. Nd2
Bb7 35. f3 e5 36. dxe5+ Kxe5 37. f4+ Kd6 38. Rad1 Kc5 39. Nb3# 1-0

[Event "Winnipeg TNT 2023.06"]
[Site "Winnipeg CAN"]
[Date "2023.06.20"]
[Round "3.12"]
[White "De Meyer, Oliver"]
[Black "Gannon, Keith"]
[Result "0-1"]
[WhiteElo "1642"]
[BlackElo "1450"]
[PlyCount "71"]
[EventDate "2023.06.06"]
[EventType "swiss"]
[EventRounds "4"]
[EventCountry "CAN"]

1. e4 b6 2. d4 Bb7 3. Nc3 d6 4. Be3 Nf6 5. f3 e6 6. Bb5+ c6 7. Bd3 Be7 8. Qd2
O-O 9. Nh3 Nbd7 10. Nf2 b5 11. a4 a6 12. h3 b4 13. Na2 a5 14. c3 bxc3 15. Nxc3
Ba6 16. Ng4 Nxg4 17. hxg4 Bh4+ 18. Bf2 Bxf2+ 19. Kxf2 Bxd3 20. Qxd3 f5 21. gxf5
exf5 22. Qc4+ Rf7 23. Rxh7 Kxh7 24. Qxf7 Qh4+ 25. Ke2 Nf6 26. d5 fxe4 27. Nxe4
Nxe4 28. Qf5+ Kh8 29. fxe4 cxd5 30. Qxd5 Re8 31. Kd3 Qg3+ 32. Kc4 Rc8+ 33. Kb5
Rc5+ 34. Qxc5 dxc5 35. Kxc5 Qxg2 36. Kb6 0-1

[Event "Winnipeg TNT 2023.06"]
[Site "Winnipeg CAN"]
[Date "2023.06.20"]
[Round "3.14"]
[White "Balamanage, Dineth"]
[Black "Bilugan, Mason"]
[Result "0-1"]
[WhiteElo "1117"]
[BlackElo "1450"]
[PlyCount "112"]
[EventDate "2023.06.06"]
[EventType "swiss"]
[EventRounds "4"]
[EventCountry "CAN"]

1. d4 Nf6 2. Bf4 d5 3. Nf3 Bg4 4. e3 Nh5 5. Bd3 Nxf4 6. exf4 e6 7. h3 Bh5 8.
O-O Bd6 9. f5 O-O 10. g4 Bg6 11. fxg6 fxg6 12. Qe2 Qe7 13. Re1 Qf6 14. Ne5 c5
15. c3 c4 16. Bc2 Bxe5 17. dxe5 Qg5 18. Qe3 Qh4 19. Qg3 Qe7 20. Nd2 Nc6 21. Nf3
Rf7 22. Re2 Qc5 23. b4 cxb3 24. Bxb3 Qxc3 25. Rae1 Rxf3 26. Qg2 Nd4 27. Re3
Rxe3 28. Rxe3 Qc1+ 29. Kh2 Nxb3 30. Rxb3 Qf4+ 31. Qg3 Qxg3+ 32. Kxg3 b6 33. Kf3
Rc8 34. Ke3 Kf7 35. Kd3 Rc5 36. f3 Ke7 37. h4 h5 38. Rb4 Rc6 39. g5 a5 40. Rf4
b5 41. a3 Rc1 42. a4 b4 43. Kd2 Ra1 44. Kc2 Rxa4 45. Kb3 Ra3+ 46. Kb2 Re3 47.
Rd4 Rxe5 48. Rf4 Rf5 49. Rxf5 gxf5 50. Kb3 Kd6 51. Ka4 e5 52. Kxa5 b3 53. g6 b2
54. Kb6 b1=Q+ 55. Ka7 Kc6 56. Ka8 Qb7# 0-1

[Event "Winnipeg TNT 2023.06"]
[Site "Winnipeg CAN"]
[Date "2023.06.27"]
[Round "4.1"]
[White "Rutter, Blair"]
[Black "Zashev, Aleksandar"]
[Result "1/2-1/2"]
[WhiteElo "1890"]
[BlackElo "2074"]
[PlyCount "73"]
[EventDate "2023.06.06"]
[EventType "swiss"]
[EventRounds "4"]
[EventCountry "CAN"]

1. c4 Nf6 2. g3 g6 3. Bg2 Bg7 4. Nc3 O-O 5. e4 d6 6. Nge2 Nbd7 7. O-O e5 8. d3
c6 9. h3 h6 10. f4 a5 11. Kh2 Nc5 12. Be3 Qe7 13. Qc2 Nh5 14. f5 g5 15. Rad1
Kh7 16. Rf2 Rg8 17. Bf3 Nf6 18. g4 Nfd7 19. Ng3 Bf6 20. Nh5 b6 21. Rfd2 Rd8 22.
Nxf6+ Qxf6 23. Kg3 Qe7 24. Rh2 f6 25. Qd2 Kg7 26. h4 Bb7 27. Rdh1 Rh8 28. d4
exd4 29. Bxd4 Ne5 30. b3 Rad8 31. Rd1 Rhe8 32. hxg5 hxg5 33. Rdh1 Rh8 34. Rxh8
Rxh8 35. Rxh8 Kxh8 36. Qe3 Ncd7 37. Kg2 1/2-1/2

[Event "Winnipeg TNT 2023.06"]
[Site "Winnipeg CAN"]
[Date "2023.06.27"]
[Round "4.2"]
[White "Dhillon, Iqvinder"]
[Black "Letain, Cory"]
[Result "1-0"]
[WhiteElo "1891"]
[BlackElo "1687"]
[PlyCount "155"]
[EventDate "2023.06.06"]
[EventType "swiss"]
[EventRounds "4"]
[EventCountry "CAN"]

1. b3 d5 2. e3 e5 3. Bb2 Nc6 4. Bb5 Bd6 5. Nf3 Bg4 6. h3 Bxf3 7. Qxf3 Nf6 8.
Nc3 a6 9. Bxc6+ bxc6 10. d3 O-O 11. O-O Qe7 12. a4 Rab8 13. Ne2 Nd7 14. e4 d4
15. Ng3 g6 16. Bc1 Qf6 17. Qg4 Qe6 18. Nf5 Nf6 19. Nh6+ Kg7 20. Qh4 Nh5 21. g4
Nf4 22. Bxf4 exf4 23. g5 Be5 24. Ng4 Kg8 25. f3 Bg7 26. Rad1 f5 27. gxf6 Bxf6
28. Nxf6+ Qxf6 29. Qg4 h5 30. Qg2 Kh7 31. Kh2 Qh4 32. Rg1 Rf6 33. Rd2 Rg8 34.
Qg5 Qxg5 35. Rxg5 Kh6 36. h4 Re8 37. Ra5 Ra8 38. Re5 Rg8 39. Rg2 Rb8 40. Rgg5
Rg8 41. Re7 Rc8 42. Ra5 Rd6 43. Rxa6 g5 44. hxg5+ Kxg5 45. Kh3 Kf6 46. e5+ Kxe7
47. exd6+ Kxd6 48. Ra5 c5 49. Ra6+ c6 50. Kh4 Rg8 51. Ra7 Rg3 52. Kxh5 Rxf3 53.
Kg4 Rf2 54. a5 Rxc2 55. a6 Ra2 56. Kxf4 c4 57. bxc4 Kc5 58. Kf3 Kb4 59. Ke4
Re2+ 60. Kxd4 c5+ 61. Kd5 Rd2 62. Rb7+ Kc3 63. Kxc5 Ra2 64. d4 Ra5+ 65. Rb5
Rxa6 66. d5 Ra4 67. d6 Rxc4+ 68. Kd5 Rd4+ 69. Kc6 Kc4 70. Rb8 Rf4 71. Ra8 Kd4
72. Rb8 Kc4 73. Rb1 Rf6 74. Kc7 Kd5 75. Rd1+ Ke5 76. Re1+ Kd5 77. d7 Rf7 78.
Kc8 1-0

[Event "Winnipeg TNT 2023.06"]
[Site "Winnipeg CAN"]
[Date "2023.06.27"]
[Round "4.3"]
[White "Babb, Jeff"]
[Black "Repaka, Prabhav"]
[Result "1-0"]
[WhiteElo "2136"]
[BlackElo "1519"]
[PlyCount "103"]
[EventDate "2023.06.06"]
[EventType "swiss"]
[EventRounds "4"]
[EventCountry "CAN"]

1. f4 d5 2. e3 Bf5 3. Nf3 e6 4. b3 Nf6 5. Bb2 c5 6. Ne5 a6 7. d3 Nbd7 8. Be2 h6
9. O-O Be7 10. Nd2 Nxe5 11. fxe5 Nh7 12. Bh5 O-O 13. Qe2 d4 14. e4 Bg6 15. Bxg6
fxg6 16. Qg4 Rxf1+ 17. Rxf1 Nf8 18. Nf3 b5 19. h4 Rb8 20. Bc1 Kh7 21. Bd2 b4
22. h5 g5 23. Qh3 Qc7 24. Ra1 a5 25. a4 Rb6 26. Be1 Bd8 27. Bg3 Be7 28. Rf1 Qc6
29. Nd2 Rb8 30. Nc4 Ra8 31. Bh2 Nd7 32. Rf7 Bf8 33. Rxd7 Qxd7 34. Nb6 Qc6 35.
Nxa8 Qxa8 36. Qxe6 Qd8 37. Qg6+ Kh8 38. Bg3 Kg8 39. Qe6+ Kh8 40. Qf7 Qe7 41. e6
Kh7 42. Qg6+ Kg8 43. Be5 Qb7 44. Kh2 Qe7 45. Kg3 Qd8 46. Qf7+ Kh7 47. Kg4 Qe7
48. Qxe7 Bxe7 49. Kf5 g4 50. Kxg4 g6 51. Bc7 gxh5+ 52. Kf5 1-0

[Event "Winnipeg TNT 2023.06"]
[Site "Winnipeg CAN"]
[Date "2023.06.27"]
[Round "4.4"]
[White "Bince, Rolando"]
[Black "Roberts, Allan"]
[Result "1-0"]
[WhiteElo "1876"]
[BlackElo "1398"]
[PlyCount "133"]
[EventDate "2023.06.06"]
[EventType "swiss"]
[EventRounds "4"]
[EventCountry "CAN"]

1. e4 g6 2. Nc3 Bg7 3. d4 d6 4. Be3 c6 5. Nf3 Nf6 6. h3 O-O 7. Qd2 b5 8. Bd3
Nbd7 9. O-O e5 10. dxe5 Nxe5 11. Nxe5 dxe5 12. Bg5 Bb7 13. Rae1 b4 14. Na4 a5
15. Nc5 Bc8 16. Qc1 a4 17. Rd1 Ra5 18. Be3 Qe7 19. c3 Rxc5 20. Bxc5 Qxc5 21.
cxb4 Qb6 22. Qc3 Nh5 23. Rc1 Nf4 24. Rfe1 Nxd3 25. Qxd3 Rd8 26. Qc3 Bb7 27. a3
Qd4 28. Rcd1 Qxd1 29. Rxd1 Rxd1+ 30. Kh2 Rd4 31. Qc2 Bh6 32. Qxa4 c5 33. Qe8+
Bf8 34. bxc5 Bxe4 35. Qxe5 Bg7 36. Qe8+ Bf8 37. f3 Bf5 38. b4 Rc4 39. g4 Be6
40. Kg3 Kg7 41. g5 Bxc5 42. bxc5 Rxc5 43. Qe7 Rf5 44. h4 h6 45. a4 h5 46. Qc7
Bd5 47. Qc3+ Kg8 48. f4 Kh7 49. a5 Kg8 50. a6 Kh7 51. a7 Kg8 52. Qc8+ Kg7 53.
a8=Q Bxa8 54. Qxa8 Rb5 55. Qa3 Rf5 56. Kf3 Kg8 57. Ke4 Kg7 58. Qc3+ Kg8 59.
Qc8+ Kg7 60. Qxf5 gxf5+ 61. Kxf5 Kf8 62. Kf6 Kg8 63. Ke7 Kg7 64. f5 Kg8 65. g6
Kh8 66. gxf7 Kh7 67. f6 1-0

[Event "Winnipeg TNT 2023.06"]
[Site "Winnipeg CAN"]
[Date "2023.06.27"]
[Round "4.6"]
[White "Zhou, Joe"]
[Black "Ling, Aiden"]
[Result "0-1"]
[WhiteElo "1621"]
[BlackElo "1352"]
[PlyCount "52"]
[EventDate "2023.06.06"]
[EventType "swiss"]
[EventRounds "4"]
[EventCountry "CAN"]

1. c4 c5 2. Nc3 Nc6 3. g3 Nf6 4. Bg2 e6 5. e3 d5 6. cxd5 exd5 7. Nge2 Be6 8. d4
Rc8 9. O-O cxd4 10. Nxd4 Bc5 11. Nc2 O-O 12. b3 Re8 13. Bb2 d4 14. exd4 Nxd4
15. Bxb7 Bg4 16. Qc1 Rc7 17. Bg2 Nxc2 18. Qxc2 Re2 19. Qd1 Rd2 20. Qc1 Be2 21.
Bd5 Rxb2 22. Qxb2 Bxf1 23. Rxf1 Nxd5 24. Rd1 Rd7 25. Ne4 Bb6 26. Qd2 f5 0-1

[Event "Winnipeg TNT 2023.06"]
[Site "Winnipeg CAN"]
[Date "2023.06.27"]
[Round "4.7"]
[White "Baron, Gustav"]
[Black "Thompson, Peter"]
[Result "1-0"]
[WhiteElo "1996"]
[BlackElo "1780"]
[PlyCount "67"]
[EventDate "2023.06.06"]
[EventType "swiss"]
[EventRounds "4"]
[EventCountry "CAN"]

1. e4 c5 2. Nf3 d6 3. d4 cxd4 4. Nxd4 Nf6 5. Nc3 e6 6. Rg1 Nc6 7. g4 a6 8. g5
Nd7 9. h4 Qc7 10. Bh3 b5 11. a3 Bb7 12. Bxe6 Nxd4 13. Bxd7+ Qxd7 14. Qxd4 Rc8
15. Bf4 Rc4 16. Qd3 Qe6 17. O-O-O Bxe4 18. Nxe4 Rxe4 19. f3 Re2 20. Bxd6 Bxd6
21. Qxd6 Qxd6 22. Rxd6 Re6 23. Rgd1 O-O 24. h5 Rfe8 25. f4 Kf8 26. b3 a5 27.
Rxe6 Rxe6 28. Rd8+ Re8 29. Rxe8+ Kxe8 30. Kd2 Kd7 31. Kd3 Kd6 32. Kd4 f6 33.
gxf6 gxf6 34. c4 1-0

[Event "Winnipeg TNT 2023.06"]
[Site "Winnipeg CAN"]
[Date "2023.06.27"]
[Round "4.9"]
[White "Kumbharathi, Harsha"]
[Black "Abdildin, Amangeldi"]
[Result "0-1"]
[WhiteElo "1564"]
[BlackElo "1835"]
[PlyCount "44"]
[EventDate "2023.06.06"]
[EventType "swiss"]
[EventRounds "4"]
[EventCountry "CAN"]

1. e4 e5 2. Nc3 Nc6 3. Bc4 Bc5 4. Qg4 Qf6 5. Nd5 Qxf2+ 6. Kd1 Nge7 7. Nh3 Qd4
8. d3 Bb6 9. Nxb6 axb6 10. Qxg7 Rf8 11. Rf1 d5 12. Bh6 Ng6 13. Bxd5 Nd8 14. Qf6
Qxb2 15. Rc1 Bg4+ 16. Kd2 Ra3 17. Bb3 c5 18. Bxf8 c4 19. Bxa3 c3+ 20. Ke3 Qxa3
21. Bxf7+ Kd7 22. Bb3 Qc5+ 0-1

[Event "Winnipeg TNT 2023.06"]
[Site "Winnipeg CAN"]
[Date "2023.06.27"]
[Round "4.10"]
[White "Williams, Eric"]
[Black "Parboosingh, Keaton"]
[Result "1-0"]
[WhiteElo "1614"]
[BlackElo "1548"]
[PlyCount "59"]
[EventDate "2023.06.06"]
[EventType "swiss"]
[EventRounds "4"]
[EventCountry "CAN"]

1. e4 e6 2. d4 d5 3. exd5 exd5 4. c4 c6 5. Bd3 Nf6 6. Nf3 h6 7. O-O Be6 8. Re1
Bd6 9. Qb3 b6 10. Nc3 O-O 11. Ne5 Qc7 12. Bf4 c5 13. Nb5 Qe7 14. Ng6 fxg6 15.
Bxd6 Qf7 16. Bxg6 Qxg6 17. Rxe6 Re8 18. cxd5 Nbd7 19. Rae1 Rxe6 20. dxe6 Kh7
21. exd7 Nxd7 22. Qe6 Nf6 23. Nc7 Rd8 24. dxc5 bxc5 25. Bxc5 Rd7 26. Bd6 Qd3
27. Be5 Qe4 28. Bxf6 Qxe6 29. Nxe6 gxf6 30. Nf8+ 1-0

[Event "Winnipeg TNT 2023.06"]
[Site "Winnipeg CAN"]
[Date "2023.06.27"]
[Round "4.11"]
[White "Bilugan, Mason"]
[Black "Melnyk, James"]
[Result "0-1"]
[WhiteElo "1450"]
[BlackElo "1602"]
[PlyCount "101"]
[EventDate "2023.06.06"]
[EventType "swiss"]
[EventRounds "4"]
[EventCountry "CAN"]

1. e4 Nc6 2. d4 e5 3. Nf3 exd4 4. Nxd4 Bc5 5. Be3 Qf6 6. c3 Nge7 7. Be2 O-O 8.
O-O Bb6 9. Nc2 d6 10. Bxb6 axb6 11. Ne3 Be6 12. Nd5 Bxd5 13. exd5 Ne5 14. Qb3
N7g6 15. Nd2 Nf4 16. Bf3 Qg5 17. Qd1 Nxf3+ 18. Qxf3 Nxd5 19. Ne4 Qg6 20. Rad1
Ne7 21. a3 Nc6 22. Ra1 Ra4 23. Ng3 Ra5 24. Rfe1 Re5 25. Rxe5 dxe5 26. Rc1 Qe6
27. Rd1 Rd8 28. Rxd8+ Nxd8 29. Qd1 Qd6 30. Qxd6 cxd6 31. Ne4 d5 32. Nd2 f6 33.
f3 Kf7 34. Kf2 Ke6 35. g4 Nf7 36. h4 h6 37. Ke3 f5 38. b4 Nd6 39. Kd3 fxg4 40.
fxg4 b5 41. Kc2 Ne8 42. Nf1 Nf6 43. Nh2 e4 44. Kd2 Ke5 45. Ke2 b6 46. g5 hxg5
47. hxg5 Nh5 48. Ng4+ Kf4 49. Nf2 Ng3+ 50. Ke1 e3 51. Nd1 0-1

[Event "Winnipeg TNT 2023.06"]
[Site "Winnipeg CAN"]
[Date "2023.06.27"]
[Round "4.12"]
[White "Gannon, Keith"]
[Black "March, John"]
[Result "1-0"]
[WhiteElo "1450"]
[BlackElo "1362"]
[PlyCount "133"]
[EventDate "2023.06.06"]
[EventType "swiss"]
[EventRounds "4"]
[EventCountry "CAN"]

1. Nf3 c6 2. d4 d5 3. g3 Bf5 4. Bg2 Nf6 5. O-O e6 6. b3 c5 7. Bb2 Nc6 8. c4 a6
9. Nbd2 b5 10. dxc5 Bxc5 11. Bxf6 Qxf6 12. cxd5 exd5 13. a4 O-O 14. axb5 axb5
15. Rxa8 Rxa8 16. Nh4 Be6 17. Qc1 Qe7 18. e3 Nb4 19. Qc3 Ra2 20. Ra1 Rxa1+ 21.
Qxa1 Qa7 22. Qxa7 Bxa7 23. Bf1 Bd7 24. Ng2 f5 25. Nf4 d4 26. exd4 Bxd4 27. Ne2
Bc5 28. Nc3 Kf7 29. Nxb5 Kf6 30. Bc4 Be6 31. Bxe6 Kxe6 32. Kf1 Nd3 33. f3 g5
34. Nc7+ Ke5 35. Nc4+ Kd4 36. Ne6+ Kd5 37. Nxg5 h6 38. Nf7 h5 39. Nh6 f4 40.
gxf4 Nxf4 41. Nf5 Ne6 42. Kg2 Nd4 43. Nce3+ Ke5 44. Nxd4 Kxd4 45. Nf5+ Kc3 46.
h4 Kxb3 47. Ng3 Kc4 48. Nxh5 Kd5 49. Kg3 Ke5 50. f4+ Kf5 51. Ng7+ Kf6 52. Ne8+
Kf5 53. Nc7 Bf8 54. Nd5 Bh6 55. Ne3+ Ke4 56. Ng2 Kf5 57. h5 Ke4 58. Kg4 Bf8 59.
f5 Ke5 60. Kg5 Bb4 61. Kg6 Bc3 62. f6 Ke6 63. f7 Bb4 64. h6 Bf8 65. Nf4+ Ke5
66. Nd3+ Ke6 67. h7 1-0

[Event "Winnipeg TNT 2023.07"]
[Site "Winnipeg CAN"]
[Date "2023.07.04"]
[Round "1.1"]
[White "Babb, Jeff"]
[Black "Hansima, Charitha"]
[Result "1-0"]
[WhiteElo "2115"]
[BlackElo "1608"]
[PlyCount "73"]
[EventDate "2023.07.04"]
[EventType "swiss"]
[EventRounds "4"]
[EventCountry "CAN"]

1. f4 e6 2. Nf3 d5 3. e3 Nf6 4. b3 Nbd7 5. Bb2 b6 6. Bb5 Be7 7. Ne5 O-O 8. O-O
Bb7 9. Bxd7 Nxd7 10. Nxd7 Qxd7 11. Qg4 f6 12. d3 c5 13. Nd2 Rad8 14. Nf3 b5 15.
a4 a6 16. axb5 axb5 17. Rfd1 Ra8 18. b4 d4 19. exd4 Rxa1 20. Rxa1 Bxf3 21. Qxf3
cxd4 22. Qe4 Bxb4 23. Bxd4 f5 24. Qe5 Bd6 25. Qe3 Re8 26. Ra7 Bc7 27. Be5 Rc8
28. Rxc7 Rxc7 29. Bxc7 Qxc7 30. Qxe6+ Qf7 31. Qxf7+ Kxf7 32. Kf2 Ke6 33. Ke3 h6
34. Kd4 Kd6 35. h4 h5 36. c3 g6 37. g3 1-0

[Event "Winnipeg TNT 2023.07"]
[Site "Winnipeg CAN"]
[Date "2023.07.04"]
[Round "1.2"]
[White "Melnyk, James"]
[Black "Zashev, Aleksandar"]
[Result "0-1"]
[WhiteElo "1587"]
[BlackElo "2077"]
[PlyCount "60"]
[EventDate "2023.07.04"]
[EventType "swiss"]
[EventRounds "4"]
[EventCountry "CAN"]

1. e4 Nf6 2. Nc3 d5 3. exd5 Nxd5 4. Bb5+ c6 5. Bc4 Bf5 6. Nxd5 cxd5 7. Bb5+ Nc6
8. c3 e6 9. d4 Bd6 10. Ne2 Qc7 11. f4 O-O 12. O-O a6 13. Ba4 Rac8 14. Ng3 Bg6
15. Bc2 Bxc2 16. Qxc2 Nxd4 17. Qd3 Nc6 18. Nh5 Ne7 19. Kh1 Qc4 20. Qf3 Nf5 21.
Re1 d4 22. cxd4 Nxd4 23. Qg4 Nf5 24. Qf3 Bb4 25. Rg1 Rfd8 26. a3 Bc5 27. Re1
Qc2 28. b4 Bd4 29. g4 Nh4 30. Qg3 Qc6+ 0-1

[Event "Winnipeg TNT 2023.07"]
[Site "Winnipeg CAN"]
[Date "2023.07.04"]
[Round "1.3"]
[White "Baron, Gustav"]
[Black "Kumbharathi, Harsha"]
[Result "1-0"]
[WhiteElo "2003"]
[BlackElo "1547"]
[PlyCount "108"]
[EventDate "2023.07.04"]
[EventType "swiss"]
[EventRounds "4"]
[EventCountry "CAN"]

1. e4 c6 2. d4 d5 3. Nc3 dxe4 4. f3 exf3 5. Nxf3 Bg4 6. Bc4 e6 7. Qd3 Bxf3 8.
gxf3 Nf6 9. Bg5 Nbd7 10. O-O-O Qc7 11. Kb1 O-O-O 12. Qe3 Bb4 13. Ne4 Be7 14.
Bf4 Qb6 15. Bd6 Nxe4 16. Bxe7 Rde8 17. Ba3 Nef6 18. Bd6 Rd8 19. Qa3 Nd5 20. Rd3
a6 21. Rhd1 Qa7 22. Rb3 b5 23. Rxb5 cxb5 24. Bxb5 Nb8 25. Bg3 Qb6 26. Bf1 Rd7
27. c4 Nf6 28. c5 Qc6 29. Bd6 Rhd8 30. Rc1 Ra7 31. b4 Rdd7 32. Ka1 Nd5 33. f4
Rdb7 34. Rb1 Nd7 35. f5 N7f6 36. fxe6 fxe6 37. Qh3 Rxb4 38. Re1 Rab7 39. Qxe6+
Qd7 40. Bh3 Qxe6 41. Bxe6+ Kd8 42. c6 R7b6 43. Rc1 Rxd4 44. c7+ Nxc7 45. Bxc7+
Ke7 46. Bxb6 Rd6 47. Bc5 Kxe6 48. Bxd6 Kxd6 49. Rc8 Nd7 50. Ra8 Nc5 51. Ra7 Kd5
52. Rxg7 Kc4 53. Rxh7 Kc3 54. Rc7 Kd4 1-0

[Event "Winnipeg TNT 2023.07"]
[Site "Winnipeg CAN"]
[Date "2023.07.04"]
[Round "1.4"]
[White "Ling, Aiden"]
[Black "Rutter, Blair"]
[Result "0-1"]
[WhiteElo "1514"]
[BlackElo "1954"]
[PlyCount "86"]
[EventDate "2023.07.04"]
[EventType "swiss"]
[EventRounds "4"]
[EventCountry "CAN"]

1. e4 e6 2. d4 d5 3. Bd3 c5 4. exd5 exd5 5. Ne2 c4 6. Bxh7 Rxh7 7. Nbc3 Nf6 8.
Be3 Nc6 9. Qd2 Bb4 10. f3 Be6 11. O-O-O a6 12. a3 Bd6 13. Bf4 b5 14. Rdf1 b4
15. axb4 Bxb4 16. Kd1 Qa5 17. Nc1 Qa1 18. Qe3 Qxb2 19. Na4 Qxd4+ 20. Qxd4 Nxd4
21. c3 Bxc3 22. Nxc3 Nb3 23. Be5 Nd7 24. Nxb3 cxb3 25. Bd6 Nb6 26. Rf2 Nc4 27.
Bf4 Kd7 28. Ke2 Kc6 29. Rb1 b2 30. Na4 Bf5 31. Rxb2 Nxb2 32. Nxb2 Rhh8 33. Ke3
Rhc8 34. Nd3 d4+ 35. Kd2 f6 36. Nb4+ Kb5 37. Nd5 Rc2+ 38. Ke1 Re8+ 39. Kf1 Bd3+
40. Re2 Rexe2 41. Nc7+ Ka4 42. g4 Rg2+ 43. Ke1 Rg1# 0-1

[Event "Winnipeg TNT 2023.07"]
[Site "Winnipeg CAN"]
[Date "2023.07.04"]
[Round "1.5"]
[White "Dhillon, Iqvinder"]
[Black "Gannon, Keith"]
[Result "1-0"]
[WhiteElo "1906"]
[BlackElo "1467"]
[PlyCount "105"]
[EventDate "2023.07.04"]
[EventType "swiss"]
[EventRounds "4"]
[EventCountry "CAN"]

1. b3 b6 2. Bb2 Bb7 3. e3 e6 4. f4 d5 5. Nf3 c5 6. Bb5+ Bc6 7. Bxc6+ Nxc6 8.
Qe2 Nf6 9. Qb5 Qd7 10. a4 a6 11. Qe2 Be7 12. Ne5 Nxe5 13. fxe5 Ng8 14. O-O Nh6
15. d3 O-O 16. Nd2 b5 17. e4 Bg5 18. Nf3 Be7 19. Bc1 dxe4 20. dxe4 bxa4 21.
Rxa4 Qb5 22. Qc4 Qxc4 23. Rxc4 f6 24. Bxh6 gxh6 25. exf6 Rxf6 26. e5 Rf5 27.
Rd1 a5 28. Rg4+ Kf8 29. Ra4 Rd8 30. Rda1 Bg5 31. Re4 Bd2 32. Rf1 Bc3 33. Rc4
Bd4+ 34. Nxd4 Rxf1+ 35. Kxf1 Rxd4 36. Rxd4 cxd4 37. Ke2 Kg7 38. Kd3 Kg6 39.
Kxd4 Kf5 40. c4 h5 41. c5 h4 42. c6 h3 43. g3 Kg4 44. Ke3 h5 45. c7 h4 46. gxh4
Kxh4 47. Kf4 Kh5 48. c8=Q Kg6 49. Qg8+ Kh6 50. Qg5+ Kh7 51. Kg4 Kh8 52. Qe7 Kg8
53. Kg5 1-0

[Event "Winnipeg TNT 2023.07"]
[Site "Winnipeg CAN"]
[Date "2023.07.04"]
[Round "1.6"]
[White "Trueman, Francis"]
[Black "Currie, James"]
[Result "0-1"]
[WhiteElo "1408"]
[BlackElo "1900"]
[PlyCount "56"]
[EventDate "2023.07.04"]
[EventType "swiss"]
[EventRounds "4"]
[EventCountry "CAN"]

1. d3 g6 2. Nd2 Bg7 3. e4 d6 4. Ngf3 f5 5. exf5 gxf5 6. g3 e5 7. Be2 Nc6 8. Nc4
d5 9. Ne3 Nge7 10. Bd2 Ng6 11. h4 f4 12. Ng2 e4 13. dxe4 dxe4 14. Nh2 f3 15.
Nxf3 exf3 16. Bxf3 Nd4 17. Bh5 O-O 18. c3 Qd5 19. O-O Nf3+ 20. Bxf3 Qxf3 21.
Qb3+ Qf7 22. Qxf7+ Rxf7 23. Rfe1 Ne5 24. Kf1 Bh3 25. Re4 Bf5 26. Rf4 Nd3 27.
Rf3 Nxb2 28. Re1 Bd3+ 0-1

[Event "Winnipeg TNT 2023.07"]
[Site "Winnipeg CAN"]
[Date "2023.07.04"]
[Round "1.7"]
[White "Bince, Rolando"]
[Black "Wijekoon, Dilki"]
[Result "1-0"]
[WhiteElo "1881"]
[BlackElo "1369"]
[PlyCount "75"]
[EventDate "2023.07.04"]
[EventType "swiss"]
[EventRounds "4"]
[EventCountry "CAN"]

1. e3 e5 2. c4 Nc6 3. Nc3 Bc5 4. a3 a6 5. Nf3 d6 6. d4 exd4 7. exd4 Ba7 8. Be3
h6 9. Be2 Nf6 10. h3 O-O 11. O-O Bd7 12. Qc2 Ne7 13. Bd3 c6 14. Rfe1 Re8 15.
Rad1 Qc8 16. Kh2 Bb8 17. Bf4 Bc7 18. Bg3 Bf5 19. Rxe7 Rxe7 20. Bxf5 Qd8 21. d5
c5 22. Qd2 Ba5 23. Bh4 Re8 24. Bc2 h5 25. Qd3 g6 26. Ng5 Kg7 27. Ne6+ Rxe6 28.
dxe6 Qe7 29. Bxf6+ Qxf6 30. Nd5 Qxe6 31. b4 cxb4 32. axb4 Bd8 33. Qc3+ Kh7 34.
Re1 Qe8 35. Rxe8 Kh6 36. Rh8+ Kg5 37. Qe3+ Kh4 38. g3# 1-0

[Event "Winnipeg TNT 2023.07"]
[Site "Winnipeg CAN"]
[Date "2023.07.04"]
[Round "1.8"]
[White "Punay, Rhailey"]
[Black "Bonness, Will"]
[Result "0-1"]
[WhiteElo "1362"]
[BlackElo "1848"]
[PlyCount "84"]
[EventDate "2023.07.04"]
[EventType "swiss"]
[EventRounds "4"]
[EventCountry "CAN"]
[TimeControl "60/120:0"]

1. e4 d5 2. exd5 Qxd5 3. Nc3 Qd8 4. d4 Nf6 5. Nf3 Bg4 6. h3 Bxf3 7. Qxf3 c6 8.
Be3 e6 9. Bc4 Nbd7 10. O-O Bd6 11. Ne2 O-O 12. c3 Qc7 13. Bf4 Nd5 14. Bxd6 Qxd6
15. a4 N7f6 16. b4 Rad8 17. Rfb1 e5 18. dxe5 Qxe5 19. Re1 Qc7 20. Reb1 Rfe8 21.
b5 c5 22. Bxd5 Rxd5 23. c4 Rde5 24. Ng3 Ne4 25. Qf4 Nxg3 26. Qxg3 Qe7 27. a5
Qe6 28. Qf3 Re4 29. Rc1 h6 30. Ra3 Re7 31. Qd3 Rd7 32. Qb3 Re1+ 33. Rxe1 Qxe1+
34. Kh2 Qxf2 35. Ra2 Qf4+ 36. Kg1 Re7 37. Qd1 Re4 38. Rf2 Qe3 39. Kf1 Rxc4 40.
Re2 Rf4+ 41. Ke1 Qg1+ 42. Kd2 Rd4+ 0-1

[Event "Winnipeg TNT 2023.07"]
[Site "Winnipeg CAN"]
[Date "2023.07.04"]
[Round "1.9"]
[White "Letain, Cory"]
[Black "Exconde, Luis"]
[Result "1-0"]
[WhiteElo "1710"]
[BlackElo "1337"]
[PlyCount "57"]
[EventDate "2023.07.04"]
[EventType "swiss"]
[EventRounds "4"]
[EventCountry "CAN"]

1. e4 d5 2. d4 dxe4 3. Nc3 Nf6 4. f3 exf3 5. Qxf3 h6 6. Be3 Nc6 7. Bb5 Bd7 8.
O-O-O a6 9. Bxc6 bxc6 10. d5 c5 11. Nge2 c4 12. h3 g6 13. Rhf1 Bg7 14. Ne4 Bf5
15. Nxf6+ exf6 16. Bc5 Bf8 17. Bxf8 Kxf8 18. Nd4 Bd7 19. Ne6+ Bxe6 20. dxe6
Qxd1+ 21. Rxd1 Kg7 22. exf7 Rhf8 23. c3 Rab8 24. Rd7 Rb6 25. Qd5 c6 26. Qe6
Rbb8 27. Re7 Rb5 28. g4 Re5 29. Qd7 1-0

[Event "Winnipeg TNT 2023.07"]
[Site "Winnipeg CAN"]
[Date "2023.07.04"]
[Round "1.10"]
[White "Punay, Darius"]
[Black "Stordeur, Jackson"]
[Result "0-1"]
[WhiteElo "1279"]
[BlackElo "1703"]
[Annotator "aboro"]
[PlyCount "51"]
[EventDate "2023.07.04"]
[EventType "swiss"]
[EventRounds "4"]
[EventCountry "CAN"]

1. e4 c5 2. f4 d5 3. e5 Nc6 4. Nf3 Bg4 5. Bb5 e6 6. O-O Nge7 7. h3 Bxf3 8. Qxf3
a6 9. Bxc6+ Nxc6 10. c3 Be7 11. d3 O-O 12. Be3 Qd7 13. Nd2 d4 14. Bf2 dxc3 15.
bxc3 Rad8 16. Rad1 Qxd3 17. Be3 Qxc3 18. Kh1 Qc2 19. a3 Qa4 20. Ra1 Rd3 21. Qe2
Rfd8 22. Kh2 b5 23. Nf3 Nd4 24. Qf2 Nc2 25. Rac1 Nxe3 {
and Black won in [%emt 0:00:31]} 26. Rfe1 0-1